<?xml version="1.0" encoding="UTF-8"?>
<record
    xmlns:xsi="http://www.w3.org/2001/XMLSchema-instance"
    xsi:schemaLocation="http://www.loc.gov/MARC21/slim http://www.loc.gov/standards/marcxml/schema/MARC21slim.xsd"
    xmlns="http://www.loc.gov/MARC21/slim">

  <leader>01634naa a22002651i 4500</leader>
  <controlfield tag="001">BPP</controlfield>
  <controlfield tag="003">BPK</controlfield>
  <controlfield tag="005">20191017092923.0</controlfield>
  <controlfield tag="008">151204s2003    pl     f     |100 0 pol d</controlfield>
  <datafield tag="040" ind1=" " ind2=" ">
    <subfield code="c">BPK</subfield>
    <subfield code="d">KOSZ 005/ac</subfield>
  </datafield>
  <datafield tag="080" ind1=" " ind2=" ">
    <subfield code="a">621.3.037.37</subfield>
  </datafield>
  <datafield tag="100" ind1="1" ind2=" ">
    <subfield code="a">S&#x141;OWIK, Adam.</subfield>
    <subfield code="d">2005 - .</subfield>
    <subfield code="b">Politechnika Koszali&#x144;ska - Wydzia&#x142; Elektroniki,</subfield>
    <subfield code="c">Katedra In&#x17C;ynierii Komputerowej</subfield>
  </datafield>
  <datafield tag="245" ind1="1" ind2="0">
    <subfield code="a">Ewolucyjne projektowanie filtr&#xF3;w cyfrowych FIR (z gwarantowan&#x105; liniowo&#x15B;ci&#x105; fazy) /</subfield>
    <subfield code="c">Adam S&#x142;owik, Marian Kopczewski.</subfield>
  </datafield>
  <datafield tag="500" ind1=" " ind2=" ">
    <subfield code="a">Dane z autopsji.</subfield>
  </datafield>
  <datafield tag="520" ind1=" " ind2=" ">
    <subfield code="a">Zaprezentowano metod&#x119; wykorzystania algorytmu ewolucyjnego do projektowania filtru cyfrowego typu FIR (Finite Impulse Response). Proponowana metoda przedstawiona w wersji, kt&#xF3;ra uwzgl&#x119;dnia liniowo&#x15B;&#x107; fazy w pa&#x15B;mie przepustowym, czyli gwarantuje symetri&#x119; wsp&#xF3;&#x142;czynnik&#xF3;w filtru. Otrzymane wyniki por&#xF3;wnano z wynikami otrzymanymi podczas projektowania filtr&#xF3;w FIR, przy u&#x17C;yciu jednej z typowo stosowanych metod tj. metody Parksa-McClenllana.</subfield>
  </datafield>
  <datafield tag="650" ind1=" " ind2="4">
    <subfield code="a">Inteligencja sztuczna.</subfield>
  </datafield>
  <datafield tag="650" ind1=" " ind2="4">
    <subfield code="a">Filtracja cyfrowa.</subfield>
  </datafield>
  <datafield tag="650" ind1=" " ind2="4">
    <subfield code="a">Algorytmy genetyczne.</subfield>
  </datafield>
  <datafield tag="655" ind1=" " ind2="4">
    <subfield code="a">Materia&#x142;y konferencyjne.</subfield>
  </datafield>
  <datafield tag="650" ind1=" " ind2="4">
    <subfield code="a">Projektowanie</subfield>
  </datafield>
  <datafield tag="700" ind1="1" ind2=" ">
    <subfield code="a">KOPCZEWSKI, Marian.</subfield>
    <subfield code="d">1997 - .</subfield>
    <subfield code="b">Politechnika Koszali&#x144;ska - Wydzia&#x142; Elektroniki,</subfield>
    <subfield code="c">Katedra Telekomunikacji</subfield>
  </datafield>
  <datafield tag="773" ind1="0" ind2=" ">
    <subfield code="i">W :</subfield>
    <subfield code="t">II Krajowa Konferencja Elektroniki : materia&#x142;y konferencji. T. 2/2. -</subfield>
    <subfield code="d">Koszalin : Wydzia&#x142; Elektroniki Politechniki Koszali&#x144;skiej, 2003. -</subfield>
    <subfield code="g">s. 399-404</subfield>
  </datafield>
  <datafield tag="711" ind1="2" ind2="2">
    <subfield code="a">Krajowa Konferencja Elektroniki</subfield>
    <subfield code="n">(2 ;</subfield>
    <subfield code="d">2003 ;</subfield>
    <subfield code="c">Ko&#x142;obrzeg, Polska).</subfield>
    <subfield code="p">KKE'2003</subfield>
  </datafield>
  <datafield tag="942" ind1=" " ind2=" ">
    <subfield code="c">ROZ</subfield>
    <subfield code="2">UKD</subfield>
  </datafield>
  <datafield tag="999" ind1=" " ind2=" ">
    <subfield code="c">3674</subfield>
    <subfield code="d">3674</subfield>
  </datafield>
  <datafield tag="952" ind1=" " ind2=" ">
    <subfield code="0">0</subfield>
    <subfield code="1">0</subfield>
    <subfield code="4">0</subfield>
    <subfield code="7">0</subfield>
    <subfield code="a">BPK</subfield>
    <subfield code="b">BPK</subfield>
    <subfield code="o">67789</subfield>
    <subfield code="y">ROZ</subfield>
  </datafield>
</record>
